[Event "12th Open"]
[Site "Dubai UAE"]
[Date "2010.04.07"]
[Round "3"]
[White "Shyam,SM"]
[Black "Fedorov,Alex"]
[Result "1/2-1/2"]
[WhiteElo "2372"]
[BlackElo "2618"]

1.d4 Nf6 2.Bg5 c5 3.dxc5 Qa5+ 4.Qd2 Qxc5 5.Nc3 h6 6.Bxf6 gxf6 7.e4 d6 8.Nd5 Be6
9.Ne2 Bg7 10.O-O-O f5 11.Nef4 Bxd5 12.Qxd5 Qb6 13.Qb5+ Nc6 14.Nd5 Qxb5 15.Bxb5 fxe4
16.Nc7+ Kd7 17.Nxa8 Rxa8 18.Rhe1 f5 19.f3 exf3 20.gxf3 a6 21.Ba4 b5 22.Bb3 Be5
23.Kb1 Rf8 24.h3 Bg3 25.Be6+ Kc7 26.Rg1 f4 27.Rg2 Ne5 28.Bd5 Rf5 29.Re2 Rh5
30.Rh1 Kb6  1/2-1/2

[Event "Sydney Int Open"]
[Site "Parramatta AUS"]
[Date "2010.04.08"]
[Round "3"]
[White "Brockman,R"]
[Black "Lee,B"]
[Result "1/2-1/2"]
[WhiteElo "1743"]
[BlackElo "2022"]

1.d4 Nf6 2.Bg5 d5 3.Bxf6 exf6 4.e3 Be6 5.g3 Qd7 6.Bg2 Be7 7.Ne2 Nc6 8.O-O O-O-O
9.Nf4 g5 10.Nxe6 fxe6 11.Nd2 h5 12.h3 f5 13.a3 f4 14.b4 Bd6 15.gxf4 gxf4
16.b5 Na5 17.e4 e5 18.exd5 Rdg8 19.Kh1 exd4 20.Nf3 Rh7 21.Rg1 Rhg7 22.Kh2 Bc5
23.Qd2 b6 24.a4 Qxd5 25.Nh4 Qg5 26.Nf3 Qf6 27.Bh1 Nc4 28.Qd3 Ne5 29.Nxe5 Qxe5
30.Qf3 Rxg1 31.Rxg1 Rxg1 32.Kxg1 Kd7 33.Qc6+ Ke7 34.Qg6 Qe1+ 35.Kg2 Qe5 36.Kg1 Qe1+
37.Kg2 d3 38.Qg5+ Kd7 39.Qf5+ Ke7 40.Qg5+ Ke6 41.Qg6+ Ke7  1/2-1/2

[Event "Open"]
[Site "Thessaloniki GRE"]
[Date "2010.04.09"]
[Round "6"]
[White "Karagiannis,T"]
[Black "Galopoulos,N"]
[Result "0-1"]
[WhiteElo "1614"]
[BlackElo "2333"]

1.d4 Nf6 2.Bg5 d5 3.Nd2 c6 4.Bxf6 exf6 5.e3 Bd6 6.g3 Qb6 7.Rb1 Bf5 8.Ne2 O-O
9.Bg2 Re8 10.O-O Bg4 11.Re1 Bf5 12.Qc1 Nd7 13.Ra1 Qa6 14.Nc3 Bg6 15.e4 dxe4
16.Ncxe4 Bf8 17.Nb3 f5 18.Nc3 Rxe1+ 19.Qxe1 f4 20.Qd2 fxg3 21.hxg3 Nf6 22.Re1 Rd8
23.Qe2 Qb6 24.Ne4 Nxe4 25.Bxe4 Re8 26.Qf3 f5 27.Bd5+ cxd5 28.Rxe8 Bxe8 29.Qxd5+ Bf7
30.Qxf5 Qa6 31.Nc5 Qxa2 32.Nd7 Qe6 33.Qxe6 Bxe6 34.Nxf8 Kxf8 35.Kf1 Bf5 36.c3 Bd3+
37.Ke1 Ke7 38.Kd2 Bc4 39.Kc2 b5 40.b3 Be6 41.Kb2 g5 42.Ka3 a5 43.c4 bxc4
44.bxc4 Bxc4 45.Ka4 h5 46.Kxa5 h4  0-1

[Event "IV Open"]
[Site "La Laguna ESP"]
[Date "2010.04.10"]
[Round "7"]
[White "Arnaiz Yanes,M"]
[Black "Perez Celis,A"]
[Result "1-0"]
[WhiteElo "1995"]
[BlackElo "1796"]

1.d4 Nf6 2.Bg5 c5 3.Bxf6 gxf6 4.e3 f5 5.g3 Bg7 6.c3 Qb6 7.Qc2 Qc6 8.f3 cxd4
9.exd4 Bxd4 10.Qxf5 Qb6 11.cxd4 Qxb2 12.Qc5 Nc6 13.Qc3 Qb6 14.Nd2 d5 15.Ne2 Bf5
16.g4 Bd7 17.Rb1 Qc7 18.Qb3 O-O-O 19.Bg2 h5 20.h3 b6 21.Qe3 e5 22.O-O exd4
23.Nxd4 Rde8 24.Qd3 Qg3 25.Ne2 Qd6 26.Ne4 Qe5 27.f4 Qe6 28.N4c3 hxg4 29.Nd4 Nxd4
30.Qxd4 gxh3 31.Bf3 h2+ 32.Kh1 Reg8 33.Nxd5 Rd8 34.Qc4+ Bc6 35.Qxc6+ Qxc6
36.Ne7+ Kc7 37.Nxc6 Rd3 38.Ne5 Rd2 39.Rbc1+ Kb8 40.a4 f6 41.Nc6+ Kb7 42.Nb4+  1-0

[Event "Sydney Int Open"]
[Site "Parramatta AUS"]
[Date "2010.04.11"]
[Round "9"]
[White "Castor,D"]
[Black "Cameron,A"]
[Result "0-1"]
[WhiteElo "2131"]
[BlackElo "2015"]

1.d4 Nf6 2.Bg5 d5 3.Bxf6 exf6 4.e3 Be6 5.Nd2 c5 6.dxc5 Bxc5 7.Nb3 Bb6 8.Nf3 O-O
9.Nfd4 Nd7 10.Bd3 Ne5 11.Be2 f5 12.c3 Qh4 13.Nf3 Nxf3+ 14.Bxf3 Rad8 15.Nd4 Bc8
16.g3 Qe7 17.Qb3 Qc5 18.O-O-O Be6 19.Kb1 Ba5 20.h4 b5 21.Qc2 Qc8 22.Ka1 Qd7
23.h5 Rb8 24.Rh4 Rfc8 25.Nb3 Bd8 26.Rhd4 Bf6 27.R4d2 b4 28.c4 d4 29.Be2 a5
30.Nxd4 a4 31.Nxe6 Qxe6 32.Rd6 b3 33.axb3 axb3 34.Qd3 Qe5 35.Rxf6 Qxf6 36.Qd6 Qxd6
37.Rxd6 Rd8 38.Rd4 Rxd4 39.exd4 Re8 40.Bd3 Re1+ 41.Bb1 Kf8 42.c5 Ke8 43.c6 Kd8
44.f3 Kc7 45.d5 h6 46.g4 fxg4 47.fxg4 Rg1 48.g5 Rxg5 49.Bf5 Rxf5  0-1

[Event "Sydney Int Open"]
[Site "Parramatta AUS"]
[Date "2010.04.11"]
[Round "9"]
[White "Brockman,R"]
[Black "Voon,R"]
[Result "0-1"]
[WhiteElo "1743"]
[BlackElo "1915"]

1.d4 Nf6 2.Bg5 d5 3.Bxf6 exf6 4.e3 c5 5.dxc5 Bxc5 6.c3 O-O 7.g3 Re8 8.Ne2 Nc6
9.Nd4 Ne5 10.Bg2 Bg4 11.Qd2 Bxd4 12.Qxd4 Nf3+ 13.Bxf3 Bxf3 14.Rg1 f5 15.Nd2 Bg4
16.f3 Bh5 17.Kf2 f6 18.h3 Re7 19.g4 fxg4 20.hxg4 Bf7 21.g5 f5 22.Rh1 Rd7
23.Qh4 Bg6 24.f4 Qb6 25.b3 Re7 26.Rae1 Rae8 27.Qg3 Qa5 28.Qf3 Rd7 29.Rc1 Qxa2
30.Qd1 Qa6 31.Nf3 Qb6 32.Nd4 a6 33.Qd2 Re4 34.Rhe1 Bh5 35.Kg3 Bg4 36.Ra1 h6
37.gxh6 Qxh6 38.Rh1 Qd6 39.Rae1 Rde7 40.Nc2 g5 41.Qf2 gxf4+ 42.exf4 Qc7 43.Qd2 Qd6
44.Rxe4 Rxe4 45.Re1 Rxe1 46.Nxe1 Qc5 47.Ng2 Kf7 48.Ne3 Ke6 49.Nxg4 Qg1+ 50.Kh3 Qxg4+
51.Kh2 Qf3 52.Qe1+ Qe4 53.Qf2 Kd7 54.Qd2 Kc6 55.Kg3 b6 56.Kh4 Qe7+ 57.Kh5 Qg7
58.c4 d4 59.Qf2 a5 60.Qf3+ Kc7 61.Qf2 Qg4+ 62.Kh6 Qd1 63.Qg3 Qg4 64.Qf2 Qh3+
65.Kg6 Qe3 66.Qh4 Qe6+ 67.Kg7 Kd6 68.Qf2 Kc5 69.Qb2 Qe4 70.Qa3+ Kc6 71.Qa4+ Kc7
72.Qb5 Qxf4 73.Qd5 Qe4 74.Qf7+ Kc6 75.Qf6+ Kb7 76.Qf7+ Ka6 77.Kg8 Qa8+  0-1

[Event "LXXX ch-URU"]
[Site "Montevideo URU"]
[Date "2010.04.15"]
[Round "7"]
[White "Gonzalez,Na"]
[Black "Guerrero,Alv"]
[Result "1-0"]
[WhiteElo "2154"]
[BlackElo "2225"]

1.d4 Nf6 2.Bg5 g6 3.Bxf6 exf6 4.e4 Bg7 5.Nf3 O-O 6.Bd3 d5 7.exd5 Re8+ 8.Be2 Qxd5
9.Nc3 Qd8 10.O-O Nd7 11.Qd2 Nb6 12.h3 c6 13.Rfe1 Be6 14.Bf1 Qc7 15.Rad1 Re7
16.b4 a6 17.a4 Rd8 18.a5 Nc4 19.Bxc4 Bxc4 20.Rxe7 Qxe7 21.Na4 Bd5 22.Re1 Qc7
23.Nc5 Bf8 24.Qe3 Kg7 25.Nd2 Bd6 26.c4 Bxc5 27.dxc5 Be6 28.Ne4 Qe5 29.Nd6 Qb2
30.b5 axb5 31.cxb5 Ra8 32.b6 Rxa5 33.Nxb7 Ra3 34.Qc1 Qb4 35.Re4 Qxe4 36.Qxa3 Qe1+
37.Kh2 Qxf2 38.Nd6 Bd5 39.Qg3 Qb2 40.b7 Kf8 41.Nb5 Qxb5 42.b8=Q+ Qxb8 43.Qxb8+ Kg7
44.Qd6 Be4 45.g4 h6 46.Kg3 Bd5 47.h4 Be4 48.g5  1-0

[Event "LXXX ch-URU"]
[Site "Montevideo URU"]
[Date "2010.04.16"]
[Round "9"]
[White "Gonzalez,Na"]
[Black "Rodriguez,Sa"]
[Result "1/2-1/2"]
[WhiteElo "2154"]
[BlackElo "2270"]

1.d4 Nf6 2.Bg5 d5 3.c4 Ne4 4.Bf4 e6 5.Nc3 Bb4 6.Bd2 Nxd2 7.Qxd2 dxc4 8.e4 b5
9.Nf3 O-O 10.a4 Bb7 11.axb5 Bxe4 12.Bxc4 Bxf3 13.gxf3 c6 14.Rg1 g6 15.Ra4 Bxc3
16.bxc3 cxb5 17.Bxb5 Nd7 18.Qg5 Rb8 19.Rxa7 Nf6 20.Bd3 Qb6 21.Bxg6 fxg6 22.Qxg6+ hxg6
23.Rxg6+  1/2-1/2

[Event "Bicentenario"]
[Site "Lanus ARG"]
[Date "2010.04.17"]
[Round "6"]
[White "Filion,C"]
[Black "Barreto Filho,C"]
[Result "0-1"]
[WhiteElo "2217"]
[BlackElo "2362"]

1.d4 Nf6 2.Bg5 g6 3.Bxf6 exf6 4.e3 Bg7 5.g3 d6 6.Bg2 f5 7.Ne2 Nd7 8.O-O O-O
9.c4 Re8 10.Nbc3 Nf6 11.Qd3 a5 12.a3 c6 13.b4 axb4 14.axb4 Rxa1 15.Rxa1 Qc7
16.c5 Bf8 17.Qb1 Be6 18.cxd6 Bxd6 19.b5 c5 20.b6 Qe7 21.Ra7 Rb8 22.d5 Bd7
23.Nb5 Bxb5 24.Qxb5 Qd7 25.Qa5 Qd8 26.Nc3 Nd7 27.Na4 Qc8 28.Bf1 Nf6 29.Bc4 Nd7
30.Qb5 h5 31.h4 Nf6 32.Nc3 Qd8 33.Qb1 Nd7 34.Na4 Qe7 35.Bb5 Nf6 36.Bc6 Bxg3
37.Rxb7 Rxb7 38.Bxb7 Bxf2+ 39.Kf1 Ne4 40.Qb5 Qxb7 41.Qe8+ Kg7 42.Qe5+ Kh7
43.Kg2 Bg3 44.Qe8 Qxd5 45.Kh3 Qa2 46.Nb2 Qxb2 47.Qxf7+ Qg7 48.Qa7 c4  0-1

[Event "LXXX ch-URU"]
[Site "Montevideo URU"]
[Date "2010.04.17"]
[Round "10"]
[White "Rodriguez Vila,A"]
[Black "Michailov,M"]
[Result "1-0"]
[WhiteElo "2504"]
[BlackElo "1993"]

1.d4 Nf6 2.Bg5 d5 3.Bxf6 exf6 4.e3 Bd6 5.c4 dxc4 6.Bxc4 O-O 7.Nc3 f5 8.Qf3 c6
9.Nge2 Nd7 10.Bd3 g6 11.h4 Nf6 12.O-O-O Qc7 13.Kb1 b5 14.Rc1 Bb7 15.e4 Nxe4
16.Nxe4 fxe4 17.Bxe4 Rac8 18.h5 Rfe8 19.Nc3 Bf4 20.hxg6 fxg6 21.Nd5  1-0

[Event "LXXX ch-URU"]
[Site "Montevideo URU"]
[Date "2010.04.17"]
[Round "10"]
[White "Gonzalez,Na"]
[Black "Larrea,M"]
[Result "0-1"]
[WhiteElo "2154"]
[BlackElo "2333"]

1.d4 Nf6 2.Bg5 d5 3.Bxf6 exf6 4.e3 Bd6 5.Bd3 O-O 6.Nd2 f5 7.Ngf3 Be6 8.c3 Nd7
9.Qc2 Qf6 10.h3 g6 11.O-O-O c5 12.dxc5 Nxc5 13.Nd4 a6 14.g4 fxg4 15.hxg4 Qxf2
16.Nxe6 Nxe6 17.e4 d4 18.Rdf1 Qe3 19.Rf3 Qg5 20.Rfh3 dxc3 21.bxc3 Be5 22.Rxh7 Rac8
23.c4 Rfd8 24.Kb1 Qe3 25.R7h3 Qb6+ 26.Nb3 a5 27.Qd2 Nf4 28.Rf3 a4 29.Rxf4 axb3
30.a4 Qd4  0-1

[Event "Open"]
[Site "Bar MNE"]
[Date "2010.04.18"]
[Round "2"]
[White "Alibasic,M"]
[Black "Stamatovic,V"]
[Result "0-1"]
[WhiteElo "2101"]
[BlackElo "1881"]

1.d4 Nf6 2.Bg5 d5 3.e3 h6 4.Bh4 Nc6 5.c3 e5 6.Bb5 Bd6 7.Nf3 Qe7 8.dxe5 Bxe5
9.Bxf6 Bxf6 10.Qxd5 Bd7 11.Nbd2 O-O-O 12.Qe4 Qc5 13.Be2 Rhe8 14.Qc4 Qe7 15.Nb3 Be6
16.Qc5 Rd6 17.Nbd4 Bxd4 18.Nxd4 Nxd4 19.cxd4 b6 20.Qa3 Kb8 21.O-O Bd5 22.Bf3 Bxf3
23.gxf3 Qf6 24.e4 Rxd4 25.Rad1 Red8 26.Rxd4 Qxd4 27.Rc1 c5 28.Qb3 Rd7 29.Kg2 Kb7
30.a4 a6 31.Rc4 Qe5 32.Rc1 Qg5+ 33.Kh3 Qxc1  0-1

[Event "Red River Shoot-Out #8"]
[Site "Davis USA"]
[Date "2010.04.18"]
[Round "2"]
[White "Patton,T"]
[Black "He,T"]
[Result "1-0"]
[WhiteElo "2087"]
[BlackElo "1685"]

1.d4 Nf6 2.Bg5 d5 3.c3 h6 4.Bxf6 exf6 5.Qb3 b6 6.e3 Bb7 7.Nf3 Bd6 8.Bd3 Nd7
9.Nbd2 O-O 10.O-O Qc8 11.Rfd1 c5 12.c4 cxd4 13.exd4 dxc4 14.Bxc4 a6 15.Rac1 Qd8
16.Bd5 Bxd5 17.Qxd5 Nc5 18.Qc4 b5 19.Qc2 Ne6 20.g3 Rc8 21.Qxc8 Qxc8 22.Rxc8 Rxc8
23.Ne4 Bf8 24.d5 Ng5 25.Nfxg5 fxg5 26.d6 f5 27.Nc3 Rd8 28.Rd5 g6 29.a4 bxa4
30.d7 a3 31.bxa3 Bxa3 32.Na4 Kf7 33.Nb6 Ke6 34.Ra5 Be7 35.Rxa6 Kf7 36.Nc4 Kg7
37.Ra7 Bf6 38.Na5 Kg8 39.Nc6 Rf8 40.Rc7 Kh8 41.Rc8 Kg8 42.d8=Q Bxd8 43.Rxd8 Rxd8
44.Nxd8 Kf8 45.Nc6 Kf7 46.Kf1 Ke6 47.Ke2 Kd6 48.Nb4 Kc5 49.Nc2 Kc4 50.Ke3 Kd5
51.Nb4+ Kc5 52.Nd3+ Kd5 53.f4 Ke6 54.Kd4 gxf4 55.Nxf4+ Kf6 56.Nd5+ Kg5 57.Nf4 Kg4
58.Nxg6 Kh3 59.Nh4 f4 60.gxf4 Kxh4 61.Ke5  1-0

[Event "9th Asian Continental"]
[Site "Olongapo City PHI"]
[Date "2010.04.22"]
[Round "2"]
[White "Bui Vinh"]
[Black "Zeng Chongsheng"]
[Result "1/2-1/2"]
[WhiteElo "2480"]
[BlackElo "2350"]

1.d4 d5 2.Bg5 Nf6 3.e3 c5 4.Nc3 cxd4 5.Qxd4 Nc6 6.Qh4 e6 7.O-O-O Be7 8.e4 d4
9.e5 Nd7 10.Bxe7 Qxe7 11.Qxe7+ Kxe7 12.Nb5 Ndxe5 13.Nxd4 Nxd4 14.Rxd4 Bd7
15.f4 Ng4 16.Nf3 Bc6 17.Be2 Rhd8 18.Rhd1 Rxd4 19.Nxd4 Ne3 20.Nxc6+ bxc6 21.Rg1 Rd8
22.Bf3 c5 23.Re1 Nf5 24.Re4 Rd7 25.Ra4 h6 26.Ra5 Rc7 27.g3 g5 28.c3 Ne3 29.fxg5 hxg5
30.Be2 f5 31.Kd2 Nd5 32.Bf3 Nb6 33.Be2 g4 34.b4 cxb4 35.cxb4 Kd6 36.a4 Nd5
37.b5 Ke5 38.Kd3 Rh7 39.Bf1 Rxh2 40.Rxa7 Rf2 41.Be2 f4 42.b6 Nxb6 43.gxf4+ Rxf4
44.Rg7 Rd4+ 45.Ke3 Nd5+ 46.Kf2 Nf6 47.a5 Ra4 48.a6 Ne4+ 49.Kg1 Ra1+ 50.Kh2 Ra2
51.Rxg4 Rxe2+ 52.Rg2 Nf2 53.Kg3 Ra2 54.Rxf2 Rxa6 55.Rb2 Kd4 56.Kf2 e5 57.Ke2  1/2-1/2

[Event "4NCL 2009-10"]
[Site "Sunningdale ENG"]
[Date "2010.05.03"]
[Round "11"]
[White "Devereaux,M"]
[Black "Arakhamia-Grant,K"]
[Result "1/2-1/2"]
[WhiteElo "2387"]
[BlackElo "2499"]

1.d4 Nf6 2.Bg5 d5 3.e3 c6 4.Nd2 Qb6 5.Qc1 Bf5 6.Ngf3 Nbd7 7.Nh4 Be6 8.Bxf6 Nxf6
9.a4 a5 10.Bd3 g6 11.c3 Bh6 12.Qb1 c5 13.Bb5+ Bd7 14.dxc5 Qxc5 15.Qd3 O-O
16.Nhf3 Qd6 17.Bxd7 Nxd7 18.O-O Nc5 19.Qc2 e5 20.Rfd1 Qe6 21.b4 Nd7 22.e4 Nf6
23.exd5 Nxd5 24.Ne4 Rfd8 25.Nc5 Qe7 26.Qb3 Nf4 27.Re1 Bg7 28.Qc4 Qc7 29.g3 Nd3
30.Re3 axb4 31.Rxd3 Rxd3 32.Qxd3 Qxc5 33.cxb4 Qxb4 34.Qd5 Re8 35.Rc1 Qe7
36.Rb1  1/2-1/2

[Event "4NCL 2009-10"]
[Site "Sunningdale ENG"]
[Date "2010.05.03"]
[Round "11"]
[White "Walton,A"]
[Black "Punnett,A"]
[Result "1/2-1/2"]
[WhiteElo "2147"]
[BlackElo "2094"]

1.d4 Nf6 2.Bg5 d5 3.e3 e6 4.Nf3 h6 5.Bh4 c5 6.c3 Be7 7.Nbd2 O-O 8.Bd3 b6
9.Ne5 Bb7 10.O-O Nbd7 11.f4 Ne4 12.Bxe7 Qxe7 13.Nxd7 Qxd7 14.Nxe4 dxe4 15.Be2 cxd4
16.exd4 Rac8 17.Qd2 Rc7 18.Rfd1 Qc8 19.Qe3 f5 20.a3 Bd5 21.Rd2 Rd8  1/2-1/2

[Event "ch-UKR"]
[Site "Alushta UKR"]
[Date "2010.05.05"]
[Round "3"]
[White "Truskavetsky,A"]
[Black "Andrenko,I"]
[Result "1-0"]
[WhiteElo "2386"]
[BlackElo "2149"]

1.d4 Nf6 2.Bg5 g6 3.Bxf6 exf6 4.g3 f5 5.Bg2 Bg7 6.e3 d6 7.Ne2 Nd7 8.c4 O-O
9.Nbc3 Nf6 10.Qc2 Re8 11.O-O-O c6 12.h4 h5 13.Nf4 Qe7 14.Rde1 Ne4 15.Rhg1 Rb8
16.f3 Nxc3 17.Qxc3 b5 18.cxb5 cxb5 19.Nd5 Qd8 20.Qc7 Be6 21.Qxd8 Rexd8 22.f4 b4
23.Ne7+ Kf8 24.Nc6 Rdc8 25.Kd2 Rb6 26.Rc1 a6 27.b3 Bd7 28.Na5 Rxc1 29.Rxc1 Rb5
30.Nb7 Ke7 31.Rc7 Rb6 32.Na5 Kd8 33.Ra7 Bf6 34.Nc4 Rb8 35.Nxd6 Ke7 36.Nxf7 Kxf7
37.Rxd7+ Ke6 38.Ra7 Rb6 39.Bf1 Bd8 40.Bc4+ Kd6 41.Rg7 Bf6 42.Rxg6  1-0

[Event "ch-UKR"]
[Site "Alushta UKR"]
[Date "2010.05.06"]
[Round "4"]
[White "Truskavetsky,A"]
[Black "Troshohenko,P"]
[Result "1-0"]
[WhiteElo "2386"]
[BlackElo "2199"]

1.d4 Nf6 2.Bg5 c5 3.d5 Qb6 4.Nc3 Qxb2 5.Bd2 Qb6 6.e4 d6 7.f4 e6 8.Rb1 Qc7
9.Bb5+ Bd7 10.Nf3 exd5 11.e5 dxe5 12.fxe5 Ne4 13.Nxd5 Qd8 14.Bxd7+ Qxd7 15.Bf4 Na6
16.Qd3 O-O-O 17.c4 f5 18.O-O Be7 19.Qb3 Nb4 20.e6 Qxe6 21.a3 g5 22.Be5 Rhe8
23.axb4 g4 24.bxc5 Nxc5 25.Nxe7+ Qxe7 26.Qc2 gxf3 27.Qxf5+ Rd7 28.Bg3 Rf8
29.Qh5 Ne4 30.Rxf3 Rg8 31.Bf4 Nd2 32.Re3 Qf6 33.Qc5+ Kd8 34.Qxa7 Rxg2+ 35.Kxg2 Rg7+
36.Bg3 Qc6+ 37.Kg1 Nxb1 38.Qb8+ Kd7 39.Qe8+  1-0

[Event "ch-UKR"]
[Site "Alushta UKR"]
[Date "2010.05.06"]
[Round "4"]
[White "Reshetkov,K"]
[Black "Shankovsky,A"]
[Result "0-1"]
[WhiteElo "2176"]
[BlackElo "2303"]

1.d4 d5 2.Bg5 Nf6 3.Bxf6 gxf6 4.Nf3 Bf5 5.c4 c6 6.cxd5 cxd5 7.Qb3 Qd7 8.Nc3 e6
9.e3 Nc6 10.Be2 Na5 11.Qb5 Qxb5 12.Bxb5+ Kd8 13.Nh4 Bg6 14.f4 Be4 15.Nxe4 dxe4
16.f5 Bh6 17.fxe6 fxe6 18.d5 Bg5 19.g3 a6 20.Be2 Bxh4 21.gxh4 Rc8 22.dxe6 Ke7
23.Bg4 Nc4 24.Rd1 Rhd8 25.Rd7+ Rxd7 26.exd7 Rc5 27.Ke2 Ne5 28.Rd1 Nd3 29.Bh3 f5
30.Rf1 Rc2+ 31.Kd1 Rf2 32.Rg1 Nxb2+ 33.Kc1 Nd3+ 34.Kb1 Kxd7 35.Rg5 Ke6 36.a4 b5
37.axb5 axb5 38.Rh5 Ke5 39.Bg4 b4 40.Bd1 Rf1  0-1

[Event "ch-CZE"]
[Site "Ostrava CZE"]
[Date "2010.05.06"]
[Round "6"]
[White "Vyskocil,N"]
[Black "Sikora,J"]
[Result "1-0"]
[WhiteElo "2390"]
[BlackElo "2238"]

1.d4 Nf6 2.Bg5 g6 3.Bxf6 exf6 4.e3 Bg7 5.c4 d6 6.Nc3 Nd7 7.g3 O-O 8.Bg2 f5
9.Nge2 Nf6 10.O-O Re8 11.b4 Rb8 12.Rb1 a6 13.b5 axb5 14.Rxb5 b6 15.Rb1 Bb7
16.Bxb7 Rxb7 17.Qc2 Ra7 18.Nf4 Ra5 19.Rb5 Ra7 20.Rb3 Ra5 21.Rb5 Ra7 22.a4 Ne4
23.Nxe4 fxe4 24.Ne2 f5 25.Rd1 Qe7 26.c5 bxc5 27.dxc5 Be5 28.Nd4 Bxd4 29.Rxd4 dxc5
30.Rxc5 Rd8 31.Qc4+ Kg7 32.Rxd8 Qxd8 33.Rd5 Qf6 34.Rd7+ Kh8 35.Rf7  1-0

[Event "FSIMA May"]
[Site "Budapest HUN"]
[Date "2010.05.10"]
[Round "10"]
[White "Tran,T"]
[Black "Brustkern,J"]
[Result "0-1"]
[WhiteElo "2210"]
[BlackElo "2256"]

1.d4 Nf6 2.Bg5 d5 3.Bxf6 gxf6 4.e3 c6 5.c4 Rg8 6.cxd5 cxd5 7.Nc3 Nc6 8.Qh5 Qb6
9.Rb1 Rg5 10.Qd1 Bf5 11.Bd3 Bxd3 12.Qxd3 Rxg2 13.Nge2 Nb4 14.Qxh7 Rg7 15.Qh4 Qe6
16.a3 Rg4 17.Qh7 Rg7 18.Qh8 Nd3+ 19.Kd2 Nxf2 20.Nf4 Ne4+ 21.Nxe4 Qxe4 22.Rhg1 Rh7
23.Qg8 Rxh2+ 24.Ne2 Rc8 25.Rgc1 Rxc1 26.Rxc1 Qf3 27.Re1 e6 28.b4 Ke7  0-1

[Event "ch-Commonwealth"]
[Site "Delhi IND"]
[Date "2010.05.12"]
[Round "5"]
[White "Murshed,N"]
[Black "Ramakrishna,J"]
[Result "1/2-1/2"]
[WhiteElo "2426"]
[BlackElo "2246"]

1.d4 Nf6 2.Bg5 c5 3.Bxf6 gxf6 4.d5 Qb6 5.Qc1 d6 6.g3 f5 7.Bg2 Bg7 8.c3 Nd7
9.Nd2 Nf6 10.Qc2 Bd7 11.Nh3 h5 12.Nc4 Qb5 13.Qd3 Qa6 14.a4 h4 15.Nf4 hxg3
16.fxg3 Ng4 17.h3 Ne5 18.Nxe5 Bxe5 19.Qxa6 bxa6 20.Kf2 Rb8 21.Ra2 a5 22.e3 O-O
23.Bf1 Rb6 24.Kf3 Rfb8 25.Rh2 Kg7 26.Bc4 Kf6 27.h4 e6 28.Rd2 Bc8 29.Kf2 Bd7
30.Nh3 Ke7  1/2-1/2

[Event "DPMM"]
[Site "Halle GER"]
[Date "2010.05.14"]
[Round "1"]
[White "Schneider,Il"]
[Black "Dautov,R"]
[Result "1/2-1/2"]
[WhiteElo "2513"]
[BlackElo "2603"]

1.d4 Nf6 2.Bg5 d5 3.Bxf6 exf6 4.e3 Bd6 5.g3 c6 6.Bg2 Nd7 7.Ne2 f5 8.Nd2 Nf6
9.c4 dxc4 10.Nxc4 Bc7 11.Qc2 O-O 12.O-O h5 13.b4 a6 14.a4 h4 15.Rfd1 hxg3
16.hxg3 Be6 17.Ne5 Qe7 18.Nf4 Bxe5 19.dxe5 Ng4 20.Qc3 Bd7 21.Nd3 Rad8 22.Qc5 Qxc5
23.bxc5 Be6 24.Rab1 Rd7 25.Nf4 Rxd1+ 26.Rxd1 Nxe5 27.Nxe6 fxe6 28.f4 Ng4
29.e4 Nf6 30.e5 Nd5 31.Bxd5 exd5 32.Rb1 Rf7 33.Kf2 a5 34.Ke3 Re7 35.Kd4 g6
36.Rh1 Rh7 37.Rb1 Re7 38.Rh1 Kg7 39.Rh2 Re8 40.Rb2 Re7 41.Rh2 Rc7 42.Rh1 Re7
43.Rh2 Kg8 44.Rh6 Kg7  1/2-1/2

[Event "Municipality Cup"]
[Site "Tbilisi GEO"]
[Date "2010.05.17"]
[Round "3"]
[White "Khazhalia,S"]
[Black "Janiashvili,I"]
[Result "1-0"]
[WhiteElo "2054"]
[BlackElo "2313"]

1.d4 Nf6 2.Bg5 d5 3.e3 e6 4.Nf3 Be7 5.Bd3 Nbd7 6.O-O O-O 7.Nbd2 c5 8.c3 b6
9.Ne5 Bb7 10.f4 Ne4 11.Bxe7 Qxe7 12.Qc2 f5 13.Ndf3 Ndf6 14.Qe2 Rfc8 15.a4 a5
16.Qe1 Ba6 17.Bxa6 Rxa6 18.h3 Nh5 19.Nh2 Ra7 20.g4 Nhf6 21.Nhf3 Nd6 22.Kh2 Nfe4
23.Rg1 Rf8 24.Nc6 Qc7 25.Nxa7 Qxa7 26.Ne5 Qe7 27.Rg2 Kh8 28.Qe2 c4 29.Rag1 Qe8
30.Qd1 Kg8 31.Qc2 fxg4 32.Rxg4 Nf5 33.Nxc4 Nf6 34.Ne5 Nxg4+ 35.hxg4 Nxe3
36.Qe2 Nc4 37.Nxc4 dxc4 38.Qe4 Qf7 39.Kg3 g5 40.Rf1 gxf4+ 41.Qxf4 Qxf4+ 42.Rxf4 Re8
43.Re4 Kf7 44.Re5 Rd8 45.Kf4 Rd6 46.Kg5 Kg7 47.Kh5 h6 48.Kh4 Kf6 49.Kh5 Kg7
50.Rb5 Rc6 51.Kh4 Rd6 52.Kg3 Kf6 53.Kf4 Kg6 54.Ke4 Kg7 55.b3 cxb3 56.Rxb3 Rc6
57.Kd3 Kg6 58.Rb5 Kf6 59.c4 Rd6 60.Ke4 Rc6 61.c5 bxc5 62.dxc5 Kg5 63.Kd4 Kxg4
64.Rb6 Rc8 65.Rxe6 Rf8 66.c6 h5 67.Kc5 h4 68.c7 h3 69.Kb6 h2 70.Re1 Re8 71.Rh1 Kg3
72.Kb7 Kg2 73.Rxh2+ Kxh2 74.c8=Q Rxc8 75.Kxc8 Kg3 76.Kb7 Kf4 77.Kb6  1-0

[Event "4th All China Games Rapid"]
[Site "Hefei CHN"]
[Date "2010.05.18"]
[Round "5"]
[White "Zhang Pengxiang"]
[Black "Li Haoyu"]
[Result "1/2-1/2"]
[WhiteElo "2603"]
[BlackElo "2383"]

1.d4 Nf6 2.Bg5 d5 3.e3 Ne4 4.Bf4 c5 5.Bd3 Nf6 6.Nf3 cxd4 7.exd4 Bg4 8.c3 Bxf3
9.Qxf3 Nc6 10.g4 e6 11.g5 Nd7 12.h4 Be7 13.Nd2 Nb6 14.O-O-O Bd6 15.Kb1 Bxf4
16.Qxf4 Qe7 17.Rde1 O-O-O 18.Qh2 g6 19.Qf4 Qc7 20.Qf6 h5 21.gxh6 Rxh6 22.Nf3 Rdh8
23.Ng5 Nd8 24.Rh3 Nd7 25.Qf3 Rxh4 26.Rg3 Qf4 27.Qe2 Rh1 28.a3 Rxe1+ 29.Qxe1 a6
30.Ka2 Kb8 31.Qg1 Qc7 32.Rf3 f6 33.Nh3 g5 34.Re3 e5 35.Qg4 Nc6 36.Qe6 exd4
37.cxd4 Nxd4 38.Qxd5 Nc6 39.Be4 Re8 40.Qf7 Re7 41.Qg8+ Ka7 42.Qc4 Nb6 43.Qc3 Ne5
44.Qxc7 Rxc7 45.f4 Nec4 46.Rg3 Na4 47.fxg5 fxg5 48.Nxg5 Naxb2 49.Ne6 Re7
50.Bd5 Nb6 51.Rg7 Rxg7 52.Nxg7 Nxd5 53.Kxb2 Kb6 54.Ne6 Kc6 55.Kb3 Kd6 56.Nd4 Kc5
57.Ne6+ Kd6 58.Nd4 Kc5  1/2-1/2

[Event "4th All China Games Rapid"]
[Site "Hefei CHN"]
[Date "2010.05.18"]
[Round "6"]
[White "Huang Qian"]
[Black "Zhou Weiqi"]
[Result "0-1"]
[WhiteElo "2437"]
[BlackElo "2585"]

1.d4 Nf6 2.Bg5 c5 3.Bxf6 gxf6 4.c3 Qb6 5.Qd2 d5 6.e3 Nc6 7.Nf3 Bg4 8.Be2 e6
9.h3 Bh5 10.O-O Rg8 11.Na3 O-O-O 12.Nc2 Bg6 13.b3 Be7 14.Rfc1 Kb8 15.Nce1 e5
16.dxc5 Bxc5 17.b4 Bd6 18.a4 d4 19.a5 Qc7 20.cxd4 Bxb4 21.Qb2 Bxe1 22.Nxe1 exd4
23.Bf3 dxe3 24.fxe3 Rd6 25.a6 Qb6 26.Qa3 Ne5 27.Bxb7 Nd3 28.Nxd3 Rxd3 29.Qc5 Rd1+
30.Rxd1 Qxc5 31.Kh1 Qxe3 32.Re1 Qf2 33.Rf1 Qb2 34.Rad1 Kc7 35.Rc1+ Kd7 36.Rfe1 Bc2  0-1

[Event "Chladek & Tintera Open"]
[Site "Hradec Kralove CZE"]
[Date "2010.05.18"]
[Round "4"]
[White "Majerik,V"]
[Black "Fiedler,Be"]
[Result "0-1"]
[WhiteElo "1965"]
[BlackElo "2133"]

1.d4 Nf6 2.Bg5 g6 3.Bxf6 exf6 4.e3 Bg7 5.Bc4 O-O 6.Ne2 f5 7.O-O d5 8.Bb3 c5
9.c3 c4 10.Bc2 Nd7 11.Nd2 Nf6 12.b3 b5 13.b4 a5 14.a3 a4 15.Qe1 Qe7 16.Kh1 Bb7
17.g3 Rae8 18.Nf4 Qd6 19.Qd1 Bc8 20.Ng2 Ne4 21.Nxe4 fxe4 22.Nf4 Bh6 23.Ng2 Bh3
24.Qe2 Kh8 25.Rae1 f5 26.Rg1 g5 27.Qd1 Qg6 28.Qd2 Rf6 29.Bd1 Bg4 30.Ref1 Qh5
31.Bxg4 fxg4 32.Ne1 Bf8 33.Rg2 Qh3 34.Kg1 Qh5 35.Qc1 Rf3 36.Qd2 Re6 37.Qd1 Rh6
38.Nc2 Qg6 39.Qe2 Bd6 40.Qd1 Qe6 41.Re1 Rh3 42.Kf1 Qh6 43.Kg1 Qh5 44.Qe2 Rf6
45.Qf1 Rh6 46.Rd1 Rxh2 47.Rxh2 Qxh2+  0-1

[Event "III Copa Roggio C"]
[Site "Asuncion PAR"]
[Date "2010.05.21"]
[Round "2"]
[White "Luzuriaga,N"]
[Black "Villalba,M"]
[Result "0-1"]
[WhiteElo "1885"]
[BlackElo "2107"]

1.d4 Nf6 2.Bg5 g6 3.Bxf6 exf6 4.e3 Bg7 5.Bd3 f5 6.Ne2 O-O 7.O-O d6 8.Nd2 Nd7
9.c3 b6 10.e4 fxe4 11.Bxe4 Rb8 12.Nf4 Nf6 13.Bf3 Bh6 14.Nd3 c5 15.Ne4 Nxe4
16.Bxe4 Qh4 17.Bf3 cxd4 18.Qa4 Qf6 19.Qxd4 Qxd4 20.cxd4 Bg7 21.Nb4 Bb7 22.Bxb7 Rxb7
23.Rad1 Re8 24.b3 Re4 25.Nc6 d5 26.Rfe1 Rxe1+ 27.Rxe1 Kf8 28.Nb4 Bxd4 29.Nxd5 Rd7
30.Nf4 Be5 31.Nh3 Bc3 32.Rc1 Rd2 33.g3 Bf6 34.a4 Rb2 35.Rc7 a5 36.Rc6 Bd4
37.Rd6 Bc5 38.Rd3 h6 39.g4 g5 40.Kg2 Ke7 41.Kf3 Ke6 42.Ke4 Bxf2 43.Nxf2 Rxf2
44.h3 Rf4+ 45.Ke3 f5 46.gxf5+ Kxf5 47.Rd6 Re4+ 48.Kf3 Rb4 49.Rxh6 Rxb3+ 50.Kf2 Rb4
51.Kg3 b5 52.axb5 Rxb5 53.Rh8 Ke4 54.h4 gxh4+ 55.Rxh4+ Kd3 56.Ra4 Kc3 57.Kf3 Kb3
58.Ra1 Rc5 59.Ke3 a4 60.Rb1+ Kc2 61.Ra1 Ra5 62.Kd4 a3 63.Kc4 a2 64.Kb4 Ra8
65.Kc4 Kb2 66.Rh1 Rc8+ 67.Kb4 a1=Q  0-1

[Event "Six Seasons WIM"]
[Site "Narayanganj BAN"]
[Date "2010.05.25"]
[Round "5"]
[White "Dutta,J"]
[Black "Mohammed Abdul,M"]
[Result "1/2-1/2"]
[WhiteElo "2341"]
[BlackElo "2259"]

1.d4 Nf6 2.Bg5 d5 3.Bxf6 exf6 4.e3 c6 5.c4 Bb4+ 6.Nc3 Qa5 7.Qb3 Be6 8.Nf3 Nd7
9.Nd2 O-O 10.a3 Bxc3 11.bxc3 dxc4 12.Bxc4 Bxc4 13.Nxc4 Qd5 14.O-O Rab8 15.Rfb1 f5
16.Nd2 Rfc8 17.c4 Qd6 18.c5 Nxc5 19.Qb4 Ne4 20.Nxe4 Qxb4 21.axb4 fxe4 22.Rxa7 Kf8
23.g4 Ke7 24.Kg2 Kd6 25.Kg3 g5 26.Ra5 b5 27.Ra7 Rc7 28.Rxc7 Kxc7 29.Rc1 Kd6
30.Rc5 f6 31.h4 h6 32.Rf5 Ke6 33.Rc5 Kd6 34.h5 Ra8 35.d5 cxd5 36.Rxb5 Kc6
37.Rc5+ Kd6 38.Rb5 Kc6 39.Rc5+ Kd6 40.Rc2 Rb8 41.b5 Rxb5 42.Rc8 Rb3 43.Kg2 Rb2
44.Kg3 Rb3 45.Rh8 Ke6 46.Kg2 Rb2 47.Kg3 Rb3 48.Kg2 Rb2 49.Kg3 Rb3 50.Kg2 Rb2  1/2-1/2

[Event "XXIX Open A"]
[Site "Zalakaros HUN"]
[Date "2010.05.26"]
[Round "1"]
[White "Kreindl,H"]
[Black "Gonda,L"]
[Result "0-1"]
[WhiteElo "2206"]
[BlackElo "2512"]

1.d4 Nf6 2.Bg5 d5 3.e3 c5 4.c3 Nc6 5.Bxf6 gxf6 6.g3 e5 7.Bg2 Be6 8.Ne2 h5
9.Qb3 Qd7 10.Nd2 h4 11.O-O-O cxd4 12.cxd4 h3 13.Bf1 Rc8 14.Kb1 Na5 15.Qd3 e4
16.Nxe4 dxe4 17.Qxe4 Qa4  0-1